000 00521nam a22001937a 4500
003 AR-RoIUNI
005 20190509111955.0
008 190509b xxu||||| |||| 00| 0 spa d
020 _a9505573995
040 _cIUNIR
080 _a929 CER
100 1 _aCereijido, Marcelino
245 1 3 _aLa nuca de Houssay
_bLa ciencia argentina entre Billiken y el exilio
250 _a4a. ed.
260 _aBuenos Aires
_bFondo de Cultura Económica
_c2001
300 _a173 p.
_c19 cm.
650 1 4 _aBiografía
942 _2cdu
_cBK
999 _c4597
_d4597